00637 2200229 4500001002100000005001700021008004100038020002200079035002500101041000800126043001200134082001000146090002000156100001900176245008400195260002800279300003300307650002100340850001200361990001700373990001700390YOGYA-0911000000007920150406153935.0 ind  a978-979-075-101-9 a0010-091100000000079 aInd aYOPDYOG a028.5 aKS 028.5bAyu B aAYU PRAMESWARY aKado natal Angela = Angelas Christmas presentcAyu Prameswary dan Edith Natasha aJakartabErlanggac2010 a[10] hlm. :bilus. ;c20 cm. aBacaan Bergambar aYOPDYOG a2220-KS/B.11 a2219-KS/B.11